MARC

LEADER 00000nam0a2200000 4500
001 372878
005 20231101050456.0
035 |a (RuTPU)RU\TPU\retro\30303 
035 |a RU\TPU\book\68402 
090 |a 372878 
100 |a 20221215d1978 km y0rusy50 ca 
101 0 |a rus 
102 |a RU 
105 |a a z 000zy 
200 1 |a Горючие газы и их свойства  |f В. В. Мурзаков 
210 |a Ленинград  |c Недра  |d 1978 
215 |a 152 с.  |c ил. 
225 1 |a Библиотека мастера газового хозяйства 
606 1 |a Газы горючие  |x Использование  |2 stltpush  |3 (RuTPU)RU\TPU\subj\33342 
610 1 |a газовое топливо 
610 1 |a получение 
610 1 |a классификация 
610 1 |a физические свойства 
610 1 |a горение 
610 1 |a газовоздушные смеси 
610 1 |a газодинамика 
610 1 |a способы 
610 1 |a свойства 
610 1 |a диффузионное горение 
610 1 |a сжигание 
675 |a 662.76  |v 3 
700 1 |a Мурзаков  |b В. В.  |g Валерий Вячеславович 
801 1 |a RU  |b 63413507  |c 20040531  |g PSBO 
801 2 |a RU  |b 63413507  |c 20221215  |g PSBO 
942 |c BK